Statistics for Name a Country that Starts with "ㅤ"

Click here to take the quiz!

General Stats

  • This quiz has been taken 2,719 times
  • The average score is 21 of 24

Answer Stats

LetterCountry% Correct
ACongratulations! You named a country that starts with A!
99%
BCongratulations! You named a country that starts with B!
98%
CCongratulations! You named a country that starts with C!
98%
DCongratulations! You named a country that starts with D!
96%
FCongratulations! You named a country that starts with F!
95%
GCongratulations! You named a country that starts with G!
94%
ECongratulations! You named a country that starts with E!
93%
ICongratulations! You named a country that starts with I!
93%
JCongratulations! You named a country that starts with J!
89%
NCongratulations! You named a country that starts with N!
89%
MCongratulations! You named a country that starts with M!
88%
HCongratulations! You named a country that starts with H!
87%
LCongratulations! You named a country that starts with L!
87%
PCongratulations! You named a country that starts with P!
86%
KCongratulations! You named a country that starts with K!
83%
SCongratulations! You named a country that starts with S!
82%
RCongratulations! You named a country that starts with R!
81%
OCongratulations! You named a country that starts with O!
80%
UCongratulations! You named a country that starts with U!
80%
QCongratulations! You named a country that starts with Q!
79%
TCongratulations! You named a country that starts with T!
79%
VCongratulations! You named a country that starts with V!
72%
ZCongratulations! You named a country that starts with Z!
71%
YCongratulations! You named a country that starts with Y!
70%

Score Distribution

Percentile by Number Answered

Percent of People with Each Score

Your Score History

You have not taken this quiz